| 000 | 00778 a2200193 4500 | ||
|---|---|---|---|
| 020 | _a0198501668 | ||
| 020 | _a9780198501664 | ||
| 082 | 0 | 4 | _a514.742 |
| 090 |
_c1363 _d1363 |
||
| 100 | 1 | _aDavid, Guy. | |
| 245 | 1 | 0 |
_aFractured fractals and broken dreams : _bself-similar geometry through metric and measure / _cGuy David, Stephen Semmes. |
| 260 |
_a[S.l.] : _bOxford University Press, USA, _c1997. |
||
| 300 |
_a224 p. ; _c24 cm. |
||
| 490 | 1 | _aOxford lecture series in mathematics and its applications. | |
| 700 | 1 | _aSemmes, Stephen. | |
| 830 | 0 | _aOxford lecture series in mathematics and its applications. | |
| 942 |
_aSNS _cBK _k514.742 DAV |
||
| 999 |
_c29975 _d29975 |
||